Zero carbon (Record no. 108076)
[ view plain ]
| 000 -LEADER | |
|---|---|
| fixed length control field | 01564cad a22002655a 4500 |
| 001 - CONTROL NUMBER | |
| control field | L143138 |
| 008 - FIXED-LENGTH DATA ELEMENTS--GENERAL INFORMATION | |
| fixed length control field | 080409s2008 xxk f 000 0 eng d |
| 020 ## - INTERNATIONAL STANDARD BOOK NUMBER | |
| International Standard Book Number | 9781848060340 |
| 035 ## - SYSTEM CONTROL NUMBER | |
| System control number | (Sirsi) u143138 |
| 041 0# - LANGUAGE CODE | |
| Language code of text/sound track or separate title | eng |
| 050 04 - LIBRARY OF CONGRESS CALL NUMBER | |
| Classification number | 696.9 $2 18 |
| 100 1# - MAIN ENTRY--PERSONAL NAME | |
| Personal name | Davis, Ian |
| 245 00 - TITLE STATEMENT | |
| Title | Zero carbon |
| Remainder of title | what does it mean for homeowners and housebuilders |
| Medium | [electronic resource] |
| 260 ## - PUBLICATION, DISTRIBUTION, ETC. | |
| Place of publication, distribution, etc. | [S.l.] |
| Name of publisher, distributor, etc. | IHS BRE |
| Date of publication, distribution, etc. | 2008 |
| 520 ## - SUMMARY, ETC. | |
| Summary, etc. | Examines the attitudes of homeowners and housebuilders towards zero carbon homes, with the aim of identifying potential barriers to achieving the 2016 targets. Views are expressed on issues such as climate change, the Code for Sustainable Homes, microgeneration, water conservation, energy saving measures, and thermal efficiency and airtightness. Reveals that homeowners are not adequately informed or ready for the lifestyle changes required to live in zero carbon homes. Housebuilders expressed a strong commitment to address the challenge of zero carbon homes and confidence in their technical abilities, but remain concerned about building to Code Level 6 homes profitably by 2016. |
| 521 2# - TARGET AUDIENCE NOTE | |
| Target audience note | Advanced |
| 590 ## - LOCAL NOTE (RLIN) | |
| Local note | KA NTK |
| 650 24 - SUBJECT ADDED ENTRY--TOPICAL TERM | |
| Topical term or geographic name entry element | DCLG CODE FOR SUSTAINABLE HOMES |
| 651 #4 - SUBJECT ADDED ENTRY--GEOGRAPHIC NAME | |
| Geographic name | United Kingdom |
| Chronological subdivision | |
| 690 ## - LOCAL SUBJECT ADDED ENTRY--TOPICAL TERM (OCLC, RLIN) | |
| Topical term or geographic name as entry element | BUILT ENVIRONMENT-SUSTAINABLE CONSTRUCTION |
| 700 1# - ADDED ENTRY--PERSONAL NAME | |
| Personal name | Harvey, Vicki |
| 710 2# - ADDED ENTRY--CORPORATE NAME | |
| Corporate name or jurisdiction name as entry element | NHBC Foundation |
| 9 (RLIN) | 4948 |
| 856 40 - ELECTRONIC LOCATION AND ACCESS | |
| Uniform Resource Identifier | <a href="https://www.nhbcfoundation.org/LinkClick.aspx?fileticket=s3zCjoSY88s%3D&tabid=339&mid=774&language=en-US">https://www.nhbcfoundation.org/LinkClick.aspx?fileticket=s3zCjoSY88s%3D&tabid=339&mid=774&language=en-US</a> |
| Public note | View the report free of charge at www.nhbcfoundation.org |
| 942 ## - ADDED ENTRY ELEMENTS (KOHA) | |
| Suppress in OPAC | 0 |
| Withdrawn status | Lost status | Source of classification or shelving scheme | Damaged status | Not for loan | Home library | Current library | Shelving location | Date acquired | Total Checkouts | Full call number | Barcode | Date last seen | Copy number | Price effective from | Koha item type |
|---|---|---|---|---|---|---|---|---|---|---|---|---|---|---|---|
| Dewey Decimal Classification | Virtual | Virtual | Online | 09/04/2008 | ONLINE PUBLICATION | 143138-2001 | 06/08/2019 | 1 | 06/08/2019 | Book |